Statistics for Inde- Vocabulary Words

Click here to take the quiz!

General Stats

  • This quiz has been taken 120 times
  • The average score is 7 of 12

Answer Stats

HintWord% Correct
What Catalonia voted on in 2014Independence
97%
Alphabetical reference list at the end of a bookIndex
93%
_______ Proposal starring Demi MooreIndecent
87%
Owing money to anotherIndebted
81%
Unable to be readily identified or describedIndefinable
67%
The result of being unable to make up your mindIndecision
60%
This sort of ink doesn't wash off easilyIndelible
52%
Contract binding an apprentice to serviceIndenture
40%
What you car has after a small collisionIndentation
38%
Criminals are offered this in exchange for their testimonyIndemnity
18%
Absolutely, clearly, definitelyIndeed
13%
Improper, unrefined: a synonym for ^^^?Indelicate
11%

Score Distribution

Percentile by Number Answered

Percent of People with Each Score

Your Score History

You have not taken this quiz